Statistics for Rihanna Songs

Click here to take the quiz!

General Stats

  • This quiz has been taken 10 times
  • The average score is 9 of 14

Answer Stats

YearSongOther Featured Artist% Correct
2007UmbrellaJay-Z
100%
2016WorkDrake
89%
2012Diamonds
78%
2008Disturbia
67%
2010Whats My Name?Drake
67%
2011S&MBritney Spears
67%
2013The MonsterEminem
67%
2006SOS
56%
2008Take A Bow
56%
2010Love The Way You LieEminem
56%
2010Only Girl (In The World)
56%
2010Rude Boy
56%
2011We Found LoveCalvin Harris
56%
2008Live Your LifeT.I.
44%

Score Distribution

Percentile by Number Answered

Percent of People with Each Score

Your Score History

You have not taken this quiz